<?xml version="1.0" encoding="UTF-8"?><?xml-stylesheet type="text/xsl" href="static/style.xsl"?><OAI-PMH xmlns="http://www.openarchives.org/OAI/2.0/" xmlns:xsi="http://www.w3.org/2001/XMLSchema-instance" xsi:schemaLocation="http://www.openarchives.org/OAI/2.0/ http://www.openarchives.org/OAI/2.0/OAI-PMH.xsd"><responseDate>2026-04-17T06:29:45Z</responseDate><request verb="GetRecord" identifier="oai:gredos.usal.es:10366/143596" metadataPrefix="marc">https://gredos.usal.es/oai/request</request><GetRecord><record><header><identifier>oai:gredos.usal.es:10366/143596</identifier><datestamp>2025-06-05T12:40:28Z</datestamp><setSpec>com_10366_4495</setSpec><setSpec>com_10366_4395</setSpec><setSpec>com_10366_3946</setSpec><setSpec>com_10366_3823</setSpec><setSpec>col_10366_4499</setSpec></header><metadata><record xmlns="http://www.loc.gov/MARC21/slim" xmlns:doc="http://www.lyncode.com/xoai" xmlns:xsi="http://www.w3.org/2001/XMLSchema-instance" xmlns:dcterms="http://purl.org/dc/terms/" xsi:schemaLocation="http://www.loc.gov/MARC21/slim http://www.loc.gov/standards/marcxml/schema/MARC21slim.xsd">
<leader>00925njm 22002777a 4500</leader>
<datafield tag="042" ind1=" " ind2=" ">
<subfield code="a">dc</subfield>
</datafield>
<datafield tag="720" ind1=" " ind2=" ">
<subfield code="a">Torres del Rey, Jesús</subfield>
<subfield code="e">author</subfield>
</datafield>
<datafield tag="720" ind1=" " ind2=" ">
<subfield code="a">Rodríguez Vázquez, Silvia</subfield>
<subfield code="e">author</subfield>
</datafield>
<datafield tag="720" ind1=" " ind2=" ">
<subfield code="a">Sánchez Ramos, María del Mar</subfield>
<subfield code="e">author</subfield>
</datafield>
<datafield tag="260" ind1=" " ind2=" ">
<subfield code="c">2020-01-10</subfield>
</datafield>
<datafield tag="520" ind1=" " ind2=" ">
<subfield code="a">[EN]Web accessibility has only recently begun to be considered as a key component in the task of the web localiser and, crucially, in the assessment of localisation quality. In this chapter, the specific example of culture and heritage websites is used to illustrate how the social and technological dimensions of multimodal translation, localisation and accessibility converge. By exploring the interrelation of web accessibility, localiser education, Universal Design for Learning, and culture and heritage websites, we conclude that such combination can provide a critical opportunity to enhance accessibility and learning at various levels: as an outcome of localisation training (more accessible multilingual culture and heritage websites), as a motivational driver for all students to access and be engaged in education, as an accessibility-aware mindset and methodology (better and deeper access to training materials), as well as an excellent interdisciplinary tool.</subfield>
</datafield>
<datafield tag="024" ind2=" " ind1="8">
<subfield code="a">Torres del Rey, J., Rodríguez Vázquez, S., Sánchez Ramos, M.M. (2020). Showcasing web accessibility and localisation training: the example of culture and heritage websites. En: Chica Núñez, Antonio Javier y Martínez Martínez, Silvia (eds.). Acceso al patrimonio cultural, científico y natural. Contribuciones desde la traductología. Granada: Tragacanto, pp. 17-42.</subfield>
</datafield>
<datafield tag="024" ind2=" " ind1="8">
<subfield code="a">978-84-121402-0-0</subfield>
</datafield>
<datafield tag="024" ind2=" " ind1="8">
<subfield code="a">http://hdl.handle.net/10366/143596</subfield>
</datafield>
<datafield ind1=" " ind2=" " tag="653">
<subfield code="a">Web accessibility</subfield>
</datafield>
<datafield ind1=" " ind2=" " tag="653">
<subfield code="a">Web localization</subfield>
</datafield>
<datafield ind1=" " ind2=" " tag="653">
<subfield code="a">Cultural heritage</subfield>
</datafield>
<datafield ind1=" " ind2=" " tag="653">
<subfield code="a">Translation</subfield>
</datafield>
<datafield tag="245" ind1="0" ind2="0">
<subfield code="a">Showcasing web accessibility and localisation training: the example of culture and heritage websites</subfield>
</datafield>
</record></metadata></record></GetRecord></OAI-PMH>